000
00226 a2200097 4500
001
57097
100
_a
245
_a
Bourne Betrayal; A New Jason Bourne novel
260
_a
uk
_b
Mackays
_c
1998
090
_c
35027
_d
35027
942
_a
NUST-CAE
_c
MONOGRAPH
_c
27811
999
_c
292170
_d
292170